000 00646nam a22001937a 4500
999 _c189882
_d189882
005 20220714114423.0
010 _aENG-133562
020 _a9789387791213
_c299.00
035 _aEN-117094
037 _bDBAD/PUB
082 _a709.5482
100 _aRamakrishnan, Kamala
245 _aIcons of Madras:
_bA Selection of the City's Memorable, go-to establishments and institutions of yesteryear/
_cKamala Ramakrishnan
260 _aChennai
_bN. Ravi
_c2018
270 _aKasturi Buildings, 859&860 Anna Salai
_bChennai
_e600002
300 _a150p.
_c27cm(pbk)
700 _aMuzalda, Devendra
942 _2ddc
_cEN
_h709.5482
_mRAM